000 00474nam a2200181Ia 4500
001 8731
005 20260306160631.0
008 260306t2006||||xx |||||||||||||| ||spa||
041 _aESP
082 _a371.3
_bS75
100 _aSpiegel, Alejandro
_eAUT
245 0 _aPlanificando clases interesantes:
_bitinerarios para combinar recursos didácticos
260 _c2006
300 _a256 páginas :
_c26 cm.
650 _aGEN
654 _aCED
942 _cLIB
_dJUS
_fJUS
_2ddc
_n
999 _c8731
_d8731